Statistics for Ground Type Pokemon

Click here to take the quiz!

General Stats

  • This quiz has been taken 18 times
  • The average score is 45 of 69

Answer Stats

HintAnswer% Correct
KantoDiglett
86%
KantoDugtrio
86%
KantoGeodude
86%
JohtoGligar
86%
SinnohGliscor
86%
KantoGolem
86%
KantoGraveler
86%
KantoOnix
86%
JohtoSteelix
86%
HoennBarboach
71%
KantoCubone
71%
SinnohGastrodon
71%
HoennGroudon
71%
SinnohHippopotas
71%
KantoMarowak
71%
HoennMarshtomp
71%
KantoNidoking
71%
KantoNidoqueen
71%
HoennNincada
71%
JohtoQuagsire
71%
KantoRhydon
71%
KantoRhyhorn
71%
SinnohRhyperior
71%
KantoSandshrew
71%
KantoSandslash
71%
HoennSwampert
71%
SinnohTorterra
71%
HoennWhiscash
71%
JohtoWooper
71%
HoennBaltoy
57%
HoennCamerupt
57%
HoennClaydol
57%
KalosDiggersby
57%
JohtoDonphan
57%
UnovaDrilbur
57%
UnovaExcadrill
57%
HoennFlygon
57%
SinnohGabite
57%
SinnohGarchomp
57%
SinnohGible
57%
UnovaGolett
57%
UnovaGolurk
57%
SinnohHippowdon
57%
UnovaKrokorok
57%
UnovaKrookodile
57%
UnovaLandorus
57%
JohtoLarvitar
57%
SinnohMamoswine
57%
AlolaMudbray
57%
AlolaMudsdale
57%
HoennNumel
57%
AlolaPalossand
57%
UnovaPalpitoad
57%
JohtoPhanpy
57%
JohtoPiloswine
57%
JohtoPupitar
57%
GalarSandaconda
57%
UnovaSandile
57%
AlolaSandygast
57%
UnovaSeismitoad
57%
GalarSilicobra
57%
UnovaStunfisk
57%
JohtoSwinub
57%
HoennTrapinch
57%
HoennVibrava
57%
SinnohWormadam (Sandy Cloak)
57%
KalosZygarde
57%
GalarRunerigus
43%
GalarYamask (Galarian)
43%

Score Distribution

Percentile by Number Answered

Percent of People with Each Score

Your Score History

You have not taken this quiz